000 00708nam a2200229Ia 4500
003 GCL
008 140319s9999 xx 000 0 ara d
020 _a1096172977
040 _aGCL /
_cGCL
082 0 4 _a025.5
_bح خ
100 1 _aحشمت قاسم
245 1 0 _aخدمات المعلومات مقوماتها و اشكالها /
_cحشمت قاسم
250 _aالاولى
260 _aالقاهرة :
_bمكتبة غريب
300 _a525 ص ؛
_c24 سم
650 0 4 _aاختزان واسترجاع المعلومات
650 0 4 _aالاستخلاص
650 0 4 _aخدمات المعلومات
650 0 4 _aالمكانز
650 0 4 _aالتكشيف الالى
942 _2ddc
_cBK
999 _c28951
_d28951